00289nam a2200145Ia 4500100001700000650001300017250000600030366000700036654000700043245003300050260001700083082001800100300000800118546001700126 aHickman/Ian  aHandbook a3 f20 aRF aNewnes practical RF Handbook bNewnesc2002 a621.3615bHIC a279 aENGLISHcTTL